000
00243nam a2200097Ia 4500
001
708653
005
20250826162531.0
008
250824s9999 xx 000 0 und d
245
0
_a
ÇİZMELİ KEDİ
_c
ANONİM
260
_b
ÇOCUK GEZEGENİ YAYINLARI
999
_c
708653
_d
708653